ひらがなもしくはカタカナ五文字の駅名 - Statistics

General Stats
  • This quiz has been taken 36 times
  • The average score is 3 of 5
Answer Stats
都道府県 Answer % Correct
沖縄県 おもろまち
94%
滋賀県 スクリーン
85%
新潟県 うらがわら
59%
岩手県 ほっとゆだ
56%
兵庫県 みなとじま
47%
No matching quizzes found
Score Distribution
Percent of People with Each Score
Percentile by Number Answered
Your Score History
You have not taken this quiz